[Event "Porto San Giorgio op 23rd"]
[Site "Porto San Giorgio"]
[Date "2011.08.22"]
[Round "2"]
[White "Scalcione, Michelangelo"]
[Black "Sbraccia, Giovanni"]
[Result "0-1"]
[WhiteElo "2337"]
[BlackElo "2017"]
[PlyCount "126"]
[EventDate "2011.08.21"]
[EventType "swiss"]
[EventRounds "9"]
[EventCountry "ITA"]
[SourceTitle "CBM 144 Extra"]
[Source "ChessBase"]
[SourceDate "2011.10.28"]
[SourceVersion "1"]
[SourceVersionDate "2011.10.28"]
[SourceQuality "1"]

1. Nf3 Nf6 2. c4 c5 3. b4 cxb4 4. a3 bxa3 5. Nc3 g6 6. e4 d6 7. d4 Bg7 8. Be2 0-0 9. 0-0 Nc6 10. Bxa3 Bg4 11. d5 Bxf3 12. gxf3 Nh5 13. dxc6 Bxc3 14. cxb7 Rb8 15. Rb1 Nf4 16. Bc1 Be5 17. Bxf4 Bxf4 18. Kh1 Rxb7 19. Rg1 Qb8 20. Rb5 a6 21. Rf5 Bh6 22. Rh5 Bg7 23. Ra5 Ra7 24. Qd2 Qb6 25. Bd3 Bh6 26. Qa2 Qd4 27. Rd5 Qc3 28. Be2 Rb8 29. Rd3 Qb2 30. Ra3 a5 31. Bd3 Qxa2 32. Rxa2 Bg7 33. Bc2 Bd4 34. Ba4 Rb4 35. Bb5 a4 36. Rd1 e5 37. Kg2 Kf8 38. f4 Ke7 39. fxe5 dxe5 40. Rd3 Rb3 41. Rg3 Rxg3+ 42. hxg3 a3 43. Kf3 Bb2 44. Bc6 Ra6 45. Bd5 Rf6+ 46. Ke2 Kd6 47. f3 g5 48. g4 Kc5 49. Ke3 Rh6 50. Bxf7 Rh2 51. Kd3 Rf2 52. Be6 Rxf3+ 53. Ke2 Rh3 54. Kd2 Kd4 55. Kc2 Rc3+ 56. Kd2 Rh3 57. Kc2 Kxe4 58. Rxb2 Rh2+ 59. Kc3 Rxb2 60. c5 Rb8 61. Ba2 Rb7 62. Bc4 Rc7 63. Kb4 Ke3 0-1

[Event "Di Roseto op 1st"]
[Site "Di Roseto"]
[Date "2010.06.05"]
[Round "2"]
[White "Sbraccia, Giovanni"]
[Black "Prelati, Maurizio"]
[Result "1-0"]
[WhiteElo "2091"]
[BlackElo "2120"]
[PlyCount "67"]
[EventDate "2010.06.04"]
[EventType "swiss"]
[EventRounds "9"]
[EventCountry "ITA"]
[SourceTitle "CBM 136 Extra"]
[Source "ChessBase"]
[SourceDate "2010.07.02"]
[SourceVersion "2"]
[SourceVersionDate "2010.07.15"]
[SourceQuality "1"]

1. d4 d5 2. Nf3 Nf6 3. Bf4 c5 4. e3 Nc6 5. c3 Qb6 6. b3 Bf5 7. Bd3 Bxd3 8. Qxd3 e6 9. Nbd2 Rc8 10. 0-0 cxd4 11. exd4 Ba3 12. b4 0-0 13. Rab1 a5 14. Rb3 axb4 15. cxb4 Nxb4 16. Qb1 Ra8 17. Qa1 Rfc8 18. Nb1 Nc2 19. Rxb6 Nxa1 20. Nxa3 Rxa3 21. Rxa1 Nh5 22. Be3 Rc7 23. g4 Nf6 24. Bf4 Rd7 25. Bd6 Ra4 26. Rc1 h6 27. Rc8+ Kh7 28. Ne5 Rxd4 29. Nxd7 Rxg4+ 30. Kf1 Nxd7 31. Rxb7 Nf6 32. Rxf7 d4 33. f3 Rg6 34. Be5 1-0

[Event "Teramo Province-ch"]
[Site "Teramo"]
[Date "2010.01.24"]
[Round "3"]
[White "Sbraccia, Giovanni"]
[Black "Pescatore, Lorenzo"]
[Result "1/2-1/2"]
[WhiteElo "2083"]
[BlackElo "1917"]
[PlyCount "145"]
[EventDate "2010.01.23"]
[EventType "swiss"]
[EventRounds "5"]
[EventCountry "ITA"]
[SourceTitle "EXT 2024"]
[Source "ChessBase"]
[SourceDate "2023.10.10"]
[SourceVersion "1"]
[SourceVersionDate "2023.10.10"]
[SourceQuality "1"]

1. d4 Nf6 2. Nf3 e6 3. Bf4 c5 4. e3 d5 5. Bd3 Bd6 6. Bxd6 Qxd6 7. c3 Nc6 8. 0-0 0-0 9. Nbd2 e5 10. dxe5 Nxe5 11. Nxe5 Qxe5 12. h3 Bf5 13. Nf3 Qe6 14. Qc2 Bxd3 15. Qxd3 a6 16. a4 Qe4 17. Rfd1 Rad8 18. a5 Qxd3 19. Rxd3 Rd6 20. b4 c4 21. Rd2 Rfd8 22. Rad1 Kf8 23. Nd4 g6 24. f3 Ke7 25. Kf2 Nd7 26. e4 Ne5 27. Re2 Kf6 28. f4 Nd3+ 29. Kg3 dxe4 30. Rxe4 Kg7 31. f5 R8d7 32. Rf1 h5 33. fxg6 fxg6 34. Ne6+ Kh6 35. Rf8 Re7 36. Rh8+ Rh7 37. Rxh7+ Kxh7 38. Ng5+ Kg8 39. Rxc4 Ne5 40. Rc8+ Kg7 41. Rc7+ Rd7 42. Rxd7+ Nxd7 43. Kf4 Kf6 44. h4 b6 45. Ne4+ Ke6 46. axb6 Nxb6 47. Nc5+ Kf6 48. Ke4 g5 49. g3 gxh4 50. gxh4 Nc4 51. Nxa6 Nd6+ 52. Kf4 Nf5 53. b5 Nxh4 54. b6 Ng6+ 55. Kg3 Ne5 56. b7 Nd7 57. Nc5 Nb8 58. Kf4 Ke7 59. Kg5 Kd6 60. Ne4+ Kc6 61. Kxh5 Kxb7 62. Kg5 Kc6 63. Kf4 Kd5 64. Ke3 Kc4 65. Kd2 Nc6 66. Nd6+ Kd5 67. Nb5 Kc4 68. Nd6+ Kd5 69. Nf5 Na7 70. Kd3 Nb5 71. c4+ Kc5 72. Ng7 Na3 73. Ne6+ 1/2-1/2

[Event "Teramo Province-ch"]
[Site "Teramo"]
[Date "2010.01.23"]
[Round "2"]
[White "Di Martino, Antonio"]
[Black "Sbraccia, Giovanni"]
[Result "0-1"]
[WhiteElo "1886"]
[BlackElo "2083"]
[PlyCount "86"]
[EventDate "2010.01.23"]
[EventType "swiss"]
[EventRounds "5"]
[EventCountry "ITA"]
[SourceTitle "EXT 2024"]
[Source "ChessBase"]
[SourceDate "2023.10.10"]
[SourceVersion "1"]
[SourceVersionDate "2023.10.10"]
[SourceQuality "1"]

1. e4 c6 2. d4 d5 3. Nc3 dxe4 4. Nxe4 Nf6 5. Nxf6+ gxf6 6. Be3 Bf5 7. Bd3 Na6 8. Nf3 e6 9. a3 Bd6 10. Nh4 Bxd3 11. Qxd3 Qa5+ 12. Qd2 Qh5 13. g3 0-0-0 14. Qe2 Qa5+ 15. c3 Nc7 16. 0-0-0 Bxa3 17. bxa3 Qxc3+ 18. Kb1 Rd5 19. Bc1 Rb5+ 20. Bb2 Rb6 21. Ka1 Qa5 22. Rd3 Rd8 23. Nf3 Rd5 24. Nd2 Qa6 25. Rc1 Rb4 26. Ne4 Ra5 27. Qe3 Nd5 28. Qf3 f5 29. Nc5 Qb6 30. Rb3 Rxb3 31. Qxb3 Rxc5 32. Qxb6 Rxc1+ 33. Bxc1 Nxb6 34. Kb2 Kd7 35. Kc3 Kd6 36. Kd3 Kd5 37. Bg5 Nc4 38. Be7 Nd6 39. f4 Nb5 40. Bc5 b6 41. a4 bxc5 42. axb5 c4+ 43. Kc3 cxb5 0-1

[Event "Porto San Giorgio op-A 21st"]
[Site "Porto San Giorgio"]
[Date "2009.08.22"]
[Round "2"]
[White "Vuelban, Virgilio"]
[Black "Sbraccia, Giovanni"]
[Result "1-0"]
[WhiteElo "2404"]
[BlackElo "2102"]
[PlyCount "63"]
[EventDate "2009.08.21"]
[EventType "swiss"]
[EventRounds "9"]
[EventCountry "ITA"]
[SourceTitle "CBM 131 Extra"]
[Source "ChessBase"]
[SourceDate "2009.09.03"]
[SourceVersion "2"]
[SourceVersionDate "2009.09.16"]
[SourceQuality "1"]

1. c4 Nf6 2. Nc3 a6 3. e4 d6 4. d4 Nbd7 5. Nf3 c5 6. d5 b5 7. cxb5 g6 8. a4 Bg7 9. h3 0-0 10. Bd2 Bb7 11. bxa6 Bxa6 12. Bb5 e6 13. dxe6 fxe6 14. 0-0 Bxb5 15. axb5 d5 16. Ng5 Qb6 17. Na4 Qd6 18. exd5 exd5 19. Re1 Rae8 20. Nc3 Rxe1+ 21. Bxe1 h6 22. Ra6 Qe5 23. Ne6 Re8 24. f4 Qb8 25. Nxd5 Qxb5 26. Ndc7 Qb7 27. Nxe8 Nxe8 28. Nxg7 Kxg7 29. Bc3+ Kf7 30. Qd3 Ndf6 31. Bxf6 Nxf6 32. Qd6 1-0

[Event "Porto San Giorgio op 20th"]
[Site "Porto San Giorgio"]
[Date "2008.08.24"]
[Round "4"]
[White "Mircoli, Filippo"]
[Black "Sbraccia, Giovanni"]
[Result "0-1"]
[WhiteElo "1834"]
[BlackElo "2106"]
[PlyCount "26"]
[EventDate "2008.08.21"]
[EventType "swiss"]
[EventRounds "9"]
[EventCountry "ITA"]
[SourceTitle "CBM 126 Extra"]
[Source "ChessBase"]
[SourceDate "2008.11.05"]
[SourceVersion "1"]
[SourceVersionDate "2008.11.05"]
[SourceQuality "1"]

1. e4 c6 2. d4 d5 3. exd5 cxd5 4. c4 Nf6 5. Nc3 g6 6. Bg5 Bg7 7. Nf3 0-0 8. Bd3 Be6 9. c5 Nc6 10. 0-0 Bg4 11. Be2 Ne4 12. h3 Bxf3 13. Bxf3 Nxg5 0-1

[Event "Porto San Giorgio op 17th"]
[Site "Porto San Giorgio"]
[Date "2005.08.25"]
[Round "4"]
[White "Manca, Federico"]
[Black "Sbraccia, Giovanni"]
[Result "1-0"]
[WhiteElo "2390"]
[BlackElo "2142"]
[PlyCount "39"]
[EventDate "2005.08.22"]
[EventType "swiss"]
[EventRounds "9"]
[EventCountry "ITA"]
[SourceTitle "CBM 108 Extra"]
[Source "ChessBase"]
[SourceDate "2005.11.04"]
[SourceVersion "1"]
[SourceVersionDate "2005.11.04"]
[SourceQuality "1"]

1. e4 c6 2. d4 d5 3. exd5 cxd5 4. c4 Nf6 5. Nc3 g6 6. cxd5 Bg7 7. Bc4 0-0 8. Nge2 b6 9. 0-0 Bb7 10. Nf4 Na6 11. Qb3 Nc7 12. a4 g5 13. Nd3 h6 14. Ne5 Bxd5 15. Nxd5 Ncxd5 16. Nc6 Qd6 17. Bxd5 Nxd5 18. Qxd5 Qxd5 19. Nxe7+ Kh7 20. Nxd5 1-0

[Event "Porto San Giorgio op 14th"]
[Site "Porto San Giorgio"]
[Date "2002.08.24"]
[Round "5"]
[White "Friedrich, Norbert"]
[Black "Sbraccia, Giovanni"]
[Result "1/2-1/2"]
[WhiteElo "2296"]
[BlackElo "2130"]
[PlyCount "64"]
[EventDate "2002.08.20"]
[EventType "swiss"]
[EventRounds "9"]
[EventCountry "ITA"]
[SourceTitle "CBM 089 Extra"]
[Source "ChessBase"]
[SourceDate "2002.09.10"]
[SourceVersion "2"]
[SourceVersionDate "2002.09.10"]
[SourceQuality "1"]

1. d4 Nf6 2. Nf3 c5 3. d5 b5 4. Bg5 Qb6 5. c3 Bb7 6. Bxf6 exf6 7. e4 Bd6 8. Nbd2 0-0 9. Be2 Re8 10. c4 b4 11. 0-0 Bf8 12. Nh4 g6 13. Bg4 Qd8 14. g3 d6 15. Kg2 Bc8 16. f4 Bxg4 17. Qxg4 Nd7 18. Qd1 Bh6 19. Nhf3 Kh8 20. Ne1 f5 21. exf5 gxf5 22. Qh5 Qf6 23. Nef3 Re2+ 24. Kh1 Rae8 25. b3 Qg6 26. Qxg6 fxg6 27. Rae1 Kg7 28. Rxe2 Rxe2 29. Re1 Rxe1+ 30. Nxe1 Kf6 31. Kg2 g5 32. Nd3 g4 1/2-1/2

[Event "Porto San Giorgio op 14th"]
[Site "Porto San Giorgio"]
[Date "2002.08.20"]
[Round "1"]
[White "Sax, Gyula"]
[Black "Sbraccia, Giovanni"]
[Result "1-0"]
[WhiteElo "2511"]
[BlackElo "2130"]
[PlyCount "73"]
[EventDate "2002.08.20"]
[EventType "swiss"]
[EventRounds "9"]
[EventCountry "ITA"]
[SourceTitle "CBM 089 Extra"]
[Source "ChessBase"]
[SourceDate "2002.09.10"]
[SourceVersion "2"]
[SourceVersionDate "2002.09.10"]
[SourceQuality "1"]

1. e4 c6 2. d4 d5 3. e5 Bf5 4. Nc3 e6 5. g4 Bg6 6. Nge2 h6 7. h4 c5 8. h5 Bh7 9. Be3 Nc6 10. f4 cxd4 11. Nxd4 Nxd4 12. Qxd4 Ne7 13. Qa4+ Nc6 14. Bb5 Qd7 15. 0-0-0 Be7 16. f5 a6 17. Rhf1 Rc8 18. Bxc6 Qxc6 19. Qxc6+ Rxc6 20. Ne2 0-0 21. Nd4 Bc5 22. c3 Bxd4 23. Bxd4 b5 24. Kd2 a5 25. a3 Rb8 26. Rf4 b4 27. cxb4 axb4 28. a4 Rbc8 29. a5 Rc2+ 30. Ke3 g6 31. hxg6 fxg6 32. fxe6 g5 33. Rf6 Rg2 34. e7 Rxg4 35. Rf8+ Rxf8 36. exf8Q+ Kxf8 37. a6 1-0

[Event "Porto San Giorgio op 13th"]
[Site "Porto San Giorgio"]
[Date "2001.08.21"]
[Round "1"]
[White "Sbraccia, Giovanni"]
[Black "Inkiov, Ventzislav"]
[Result "0-1"]
[WhiteElo "2121"]
[BlackElo "2470"]
[PlyCount "56"]
[EventDate "2001.08.21"]
[EventType "swiss"]
[EventRounds "9"]
[EventCountry "ITA"]
[SourceTitle "EXT 2002"]
[Source "ChessBase"]
[SourceDate "2001.11.25"]
[SourceVersion "1"]
[SourceVersionDate "2001.11.25"]
[SourceQuality "1"]

1. Nf3 Nf6 2. g3 d5 3. Bg2 c5 4. 0-0 Nc6 5. d3 e5 6. e4 Be7 7. Nbd2 0-0 8. exd5 Nxd5 9. Nc4 f6 10. a4 Be6 11. b3 Qd7 12. Bb2 Bh3 13. Ne3 Bxg2 14. Kxg2 Rad8 15. Qe2 Rfe8 16. Rad1 Nf4+ 17. gxf4 exf4 18. d4 fxe3 19. Qc4+ Kh8 20. dxc5 Qf5 21. fxe3 Rxd1 22. Rxd1 Bxc5 23. Bd4 Bxd4 24. exd4 Re3 25. Ne1 Qg4+ 26. Kf2 Qxd1 27. Kxe3 Qxe1+ 28. Kd3 Nb4+ 0-1

[Event "Porto San Giorgio op 12th"]
[Site "Porto San Giorgio"]
[Date "2000.08.28"]
[Round "9"]
[White "Sbraccia, Giovanni"]
[Black "Bratanov, Zsivko"]
[Result "0-1"]
[WhiteElo "2131"]
[BlackElo "2400"]
[PlyCount "52"]
[EventDate "2000.08.20"]
[EventType "swiss"]
[EventRounds "9"]
[EventCountry "ITA"]
[SourceTitle "EXT 2001"]
[Source "ChessBase"]
[SourceDate "2000.11.22"]
[SourceVersion "1"]
[SourceVersionDate "2000.11.22"]
[SourceQuality "1"]

1. Nf3 f5 2. g3 g6 3. Bg2 Bg7 4. d3 d6 5. c3 e5 6. Nbd2 Nf6 7. e4 0-0 8. exf5 gxf5 9. Nh4 d5 10. Ndf3 Nc6 11. 0-0 e4 12. Nd4 Nxd4 13. cxd4 Be6 14. Bf4 Ng4 15. h3 Nh6 16. Qc1 Nf7 17. Qe3 c6 18. Rab1 Qb6 19. Rfd1 Bxd4 20. Qe2 Rae8 21. Rd2 Ne5 22. Bh6 Rf7 23. Qh5 Nxd3 24. Qg5+ Kh8 25. Qh5 Bxf2+ 26. Kh2 Bxg3+ 0-1

[Event "Nereto op 5th"]
[Site "Nereto"]
[Date "2000.08.17"]
[Round "7"]
[White "Radice, Luca"]
[Black "Sbraccia, Giovanni"]
[Result "0-1"]
[WhiteElo "2012"]
[BlackElo "2131"]
[PlyCount "66"]
[EventDate "2000.08.11"]
[EventType "swiss"]
[EventRounds "9"]
[EventCountry "ITA"]
[SourceTitle "EXT 2001"]
[Source "ChessBase"]
[SourceDate "2000.11.22"]
[SourceVersion "1"]
[SourceVersionDate "2000.11.22"]
[SourceQuality "1"]

1. d4 Nf6 2. Nf3 c5 3. d5 d6 4. Nc3 g6 5. e4 Bg7 6. Bd3 0-0 7. 0-0 Nbd7 8. Qe2 Ng4 9. h3 Nge5 10. Nxe5 Nxe5 11. f4 Nxd3 12. cxd3 Bd7 13. Be3 b5 14. Qf2 b4 15. Ne2 Bxb2 16. Rab1 Bg7 17. d4 cxd4 18. Nxd4 a5 19. f5 Rc8 20. Rbe1 Rc4 21. Kh1 e5 22. f6 Bxf6 23. Bh6 Bg7 24. Bxg7 Kxg7 25. Nf3 Qe7 26. h4 h6 27. Re3 Rfc8 28. h5 Rc2 29. Qg3 Qf6 30. hxg6 fxg6 31. Ree1 R8c3 32. Qh2 Bb5 33. Nd4 Bxf1 0-1

[Event "Nereto op 5th"]
[Site "Nereto"]
[Date "2000.08.11"]
[Round "1"]
[White "Vezzosi, Paolo"]
[Black "Sbraccia, Giovanni"]
[Result "1-0"]
[WhiteElo "2421"]
[BlackElo "2131"]
[PlyCount "97"]
[EventDate "2000.08.11"]
[EventType "swiss"]
[EventRounds "9"]
[EventCountry "ITA"]
[SourceTitle "EXT 2001"]
[Source "ChessBase"]
[SourceDate "2000.11.22"]
[SourceVersion "1"]
[SourceVersionDate "2000.11.22"]
[SourceQuality "1"]

1. d4 Nf6 2. c4 c5 3. d5 b5 4. cxb5 a6 5. b6 g6 6. Nc3 d6 7. Nf3 Bg7 8. Nd2 Nbd7 9. e4 0-0 10. Be2 Nxb6 11. 0-0 e6 12. Nc4 exd5 13. exd5 Rb8 14. Ne3 Bb7 15. Rb1 Re8 16. Bf3 Re5 17. b4 cxb4 18. Rxb4 Rc8 19. Bb2 Re7 20. Qa1 Nfd7 21. Ne4 Ne5 22. Bxe5 Bxe5 23. Qb1 Bxd5 24. Rxb6 Bxa2 25. Qxa2 Qxb6 26. Nd5 Qa7 27. Nxe7+ Qxe7 28. Qxa6 Rd8 29. Qd3 d5 30. Rd1 Kg7 31. Ng3 d4 32. Ne4 Rc8 33. g4 Qh4 34. Ng3 Qf6 35. Kg2 Rc3 36. Qe4 Ra3 37. h4 Ra2 38. g5 Qd6 39. Ne2 Ra4 40. Qc6 Ra6 41. Qxd6 Rxd6 42. Be4 f5 43. f4 Bxf4 44. Nxf4 fxe4 45. Rxd4 Rxd4 46. Ne6+ Kg8 47. Nxd4 h6 48. Kg3 hxg5 49. hxg5 1-0

[Event "Porto San Giorgio op 11th"]
[Site "Porto San Giorgio"]
[Date "1999.08.22"]
[Round "3"]
[White "Sbraccia, Giovanni"]
[Black "Bykhovsky, Anatoly A"]
[Result "0-1"]
[WhiteElo "2134"]
[BlackElo "2398"]
[PlyCount "78"]
[EventDate "1999.08.20"]
[EventType "swiss"]
[EventRounds "9"]
[EventCountry "ITA"]
[SourceTitle "EXT 2000"]
[Source "ChessBase"]
[SourceDate "1999.11.16"]
[SourceVersion "1"]
[SourceVersionDate "1999.11.16"]
[SourceQuality "1"]

1. g3 d5 2. Bg2 e5 3. d3 Nf6 4. Nd2 Nc6 5. e4 dxe4 6. dxe4 a5 7. h3 b6 8. Ngf3 Ba6 9. Bf1 Bxf1 10. Rxf1 Bc5 11. Qe2 0-0 12. c3 Qd7 13. Rh1 Rad8 14. Kf1 Qe6 15. b3 Rd7 16. Bb2 Rfd8 17. Kg2 h6 18. Rae1 Nh5 19. Bc1 Rd3 20. Nd4 Qg6 21. N2f3 Rxc3 22. Nxc6 Rxc1 23. Nfxe5 Nf4+ 24. Kh2 Nxe2 25. Nxg6 Rxe1 26. Rxe1 Rd2 27. Nge7+ Kf8 28. Nf5 Bxf2 29. Rf1 Nc3 30. h4 Nxe4 31. Kg2 g6 32. Nxh6 Bxg3+ 33. Kf3 f5 34. h5 Rd6 35. hxg6 Rxg6 36. Nxf5 Nd2+ 37. Ke2 Nxf1 38. Kxf1 Rxc6 39. Nxg3 Rc2 0-1

[Event "San Benedetto op"]
[Site "San Benedetto del Tronto"]
[Date "1998.??.??"]
[Round "?"]
[White "Sbraccia, Giovanni"]
[Black "Aldrovandi, Costantino"]
[Result "0-1"]
[WhiteElo "2195"]
[BlackElo "2235"]
[PlyCount "80"]
[EventDate "1998.??.??"]
[EventType "swiss"]
[EventRounds "9"]
[EventCountry "ITA"]
[SourceTitle "EXT 2000"]
[Source "ChessBase"]
[SourceDate "1999.11.16"]
[SourceVersion "1"]
[SourceVersionDate "1999.11.16"]
[SourceQuality "1"]

1. g3 Nf6 2. Bg2 g6 3. e4 d6 4. d3 Bg7 5. Ne2 c5 6. 0-0 Nc6 7. f4 Bd7 8. Nd2 Qc8 9. Nf3 Nh5 10. c3 f5 11. Be3 Nf6 12. exf5 gxf5 13. Re1 b6 14. Nh4 0-0 15. Kh1 Qc7 16. Bg1 Rae8 17. Nf3 Kh8 18. Qc2 Nd8 19. Rad1 Nf7 20. Ng5 e6 21. Nxf7+ Rxf7 22. Nc1 Rfe7 23. Re2 Bc8 24. Rde1 h5 25. h4 Bh6 26. Kh2 Rg8 27. Bh3 Ng4+ 28. Bxg4 Rxg4 29. Kh3 Reg7 30. Bh2 Qf7 31. Rg2 e5 32. Qe2 Bb7 33. Rgg1 Qf6 34. Qf2 Qg6 35. Ne2 Bc6 36. fxe5 dxe5 37. d4 f4 38. dxe5 Rxh4+ 39. gxh4 Qg4+ 40. Rxg4 hxg4# 0-1

[Event "Nereto op"]
[Site "Nereto"]
[Date "1998.??.??"]
[Round "?"]
[White "Sbraccia, Giovanni"]
[Black "Barlov, Dragan"]
[Result "0-1"]
[WhiteElo "2195"]
[BlackElo "2490"]
[PlyCount "52"]
[EventDate "1998.??.??"]
[EventType "swiss"]
[EventRounds "9"]
[EventCountry "ITA"]
[SourceTitle "EXT 2000"]
[Source "ChessBase"]
[SourceDate "1999.11.16"]
[SourceVersion "1"]
[SourceVersionDate "1999.11.16"]
[SourceQuality "1"]

1. g3 f5 2. Bg2 e5 3. d3 Nf6 4. e4 fxe4 5. dxe4 Bc5 6. Nc3 0-0 7. Nf3 d6 8. 0-0 a6 9. Bg5 h6 10. Bc1 Be6 11. Qd3 b5 12. b3 Nbd7 13. Be3 Bb4 14. Nh4 Nc5 15. Bxc5 Bxc5 16. Ng6 Rf7 17. Rad1 Ng4 18. Rd2 Rxf2 19. Rfxf2 Nxf2 20. Rxf2 Bxf2+ 21. Kh1 c6 22. Nh4 Bd4 23. Ne2 Bc5 24. Nf5 Qf8 25. Bh3 Re8 26. Qf3 Kh7 0-1

[Event "San Benedetto op"]
[Site "San Benedetto del Tronto"]
[Date "1998.??.??"]
[Round "?"]
[White "Sbraccia, Giovanni"]
[Black "Rotstein, Arkadij"]
[Result "0-1"]
[WhiteElo "2195"]
[BlackElo "2485"]
[PlyCount "48"]
[EventDate "1998.??.??"]
[EventType "swiss"]
[EventRounds "9"]
[EventCountry "ITA"]
[SourceTitle "EXT 2000"]
[Source "ChessBase"]
[SourceDate "1999.11.16"]
[SourceVersion "1"]
[SourceVersionDate "1999.11.16"]
[SourceQuality "1"]

1. e4 c5 2. Nc3 Nc6 3. g3 g6 4. Bg2 Bg7 5. d3 d6 6. f4 e6 7. Nf3 Nge7 8. 0-0 0-0 9. Be3 Nd4 10. g4 Bd7 11. Rb1 Bc6 12. Bxd4 cxd4 13. Ne2 f5 14. gxf5 gxf5 15. Qe1 fxe4 16. dxe4 Ng6 17. Bh3 Nxf4 18. Nxf4 Rxf4 19. Bxe6+ Kh8 20. Bf5 Qf6 21. Qd2 Bh6 22. Qd3 d5 23. Rbe1 dxe4 24. Qxd4 Rxf5 0-1

[Event "Nereto op"]
[Site "Nereto"]
[Date "1998.??.??"]
[Round "?"]
[White "Sbraccia, Giovanni"]
[Black "Safranska, Anda"]
[Result "0-1"]
[WhiteElo "2195"]
[BlackElo "2295"]
[PlyCount "122"]
[EventDate "1998.??.??"]
[EventType "swiss"]
[EventRounds "9"]
[EventCountry "ITA"]
[SourceTitle "EXT 2000"]
[Source "ChessBase"]
[SourceDate "1999.11.16"]
[SourceVersion "1"]
[SourceVersionDate "1999.11.16"]
[SourceQuality "1"]

1. g3 g6 2. Bg2 d5 3. d3 Bg7 4. Nd2 Nf6 5. Ngf3 0-0 6. 0-0 Nc6 7. c3 b6 8. Re1 Bb7 9. Qc2 a5 10. d4 e6 11. e4 Ne7 12. e5 Nd7 13. Bh3 c5 14. Nf1 Ba6 15. Bg5 h6 16. Be3 Rc8 17. Qd2 Kh7 18. g4 Nc6 19. g5 Bxf1 20. Rxf1 h5 21. Rfc1 Qe7 22. Bf1 Ndb8 23. a3 Rc7 24. Bd3 Rfc8 25. Nh4 c4 26. Bc2 b5 27. Qe2 Kg8 28. Kh1 Qe8 29. f4 Bf8 30. Rg1 Ne7 31. Rg3 Bg7 32. Rf1 Nbc6 33. Qf3 Qd7 34. Ng2 b4 35. axb4 axb4 36. f5 exf5 37. Nf4 b3 38. Bb1 Nd8 39. Nxh5 gxh5 40. Qxh5 Rc6 41. Rh3 Rg6 42. Rf4 Ra8 43. Rfh4 Kf8 44. Rf3 Ra1 45. Rf1 Ne6 46. Rh3 f4 47. Rhf3 Rxg5 48. Qh3 fxe3 49. Rxf7+ Ke8 50. Qxe3 Rxb1 51. Rxe7+ Qxe7 52. Rxb1 Qf7 53. Ra1 Qf5 54. Ra8+ Nd8 55. Ra1 Rg4 56. Re1 Re4 57. Qg3 Rxe1+ 58. Qxe1 Qe4+ 59. Qxe4 dxe4 60. Kg2 Ke7 61. Kf2 Ke6 0-1

[Event "Nereto op"]
[Site "Nereto"]
[Date "1998.??.??"]
[Round "?"]
[White "Tribuiani, Renato"]
[Black "Sbraccia, Giovanni"]
[Result "1-0"]
[WhiteElo "2115"]
[BlackElo "2195"]
[PlyCount "81"]
[EventDate "1998.??.??"]
[EventType "swiss"]
[EventRounds "9"]
[EventCountry "ITA"]
[SourceTitle "EXT 2000"]
[Source "ChessBase"]
[SourceDate "1999.11.16"]
[SourceVersion "1"]
[SourceVersionDate "1999.11.16"]
[SourceQuality "1"]

1. d4 Nf6 2. e3 c5 3. Bd3 g6 4. c3 b6 5. Qe2 Bg7 6. Nd2 0-0 7. f4 Bb7 8. Nh3 e6 9. 0-0 Nc6 10. Nf3 Qc7 11. Bd2 d6 12. Be1 e5 13. fxe5 dxe5 14. Bg3 Nh5 15. Bf2 exd4 16. cxd4 cxd4 17. exd4 Rad8 18. Rac1 Qd7 19. Bb5 Qd5 20. Bc4 Nxd4 21. Bxd4 Bxd4+ 22. Kh1 Qe4 23. Nxd4 Rxd4 24. Rxf7 Rxc4 25. Rxf8+ Kxf8 26. Qf1+ Kg7 27. Rxc4 Qd5 28. Rc7+ Kg8 29. Qc4 a5 30. Qxd5+ Bxd5 31. a3 h6 32. Kg1 g5 33. g3 Nf6 34. Nf2 Bf3 35. Nd3 Nd5 36. Rd7 h5 37. Kf2 Be4 38. Ne5 Nf6 39. Rd6 Nd5 40. Nd7 b5 41. Rxd5 1-0